000
00209nam a2200097Ia 4500
008
120527s9999 xx 000 0 und d
100
_a
HARDEN,E.
245
_a
Print making.
260
_b
Chartwell
942
_c
BK
999
_c
24100
_d
24100